Statistiques concernant Focus sur: Parvati Patil - Harry Potter

Cliquez ici pour prendre le quiz!

Statistiques générales

  • Ce quiz a été pris 149 fois
  • Le résultat moyen est 7 sur 9

Statistiques - réponses

Informations recherchéesRéponses% Correct
Maison fréquentéeGryffondor
99%
Lieu de rencontre avec Harry PotterPoudlard
99%
Ecole fréquentéePoudlard
99%
Statut du sangSang-Pur
98%
Première apparitionHarry Potter a l'école des sorciers
97%
Couleur des cheveuxNoir
97%
Sœur jumellePadma Patil
97%
Actrice l'interprétant dans les filmsShefali Chowdhury
26%
Actrice l'interprétant dans les filmsSitara Shah
23%

Distribution des résultats

Percentile par nombre de réponses

% des personnes avec chaque résultat

Votre développement - résultats

Vous n’avez pas pris ce quiz